000 00854nam a2200229Ii 4500
003 JO-AjNU
008 230605s9999||||xx |||||||||||||| ||und||
017 _a2007/6806
020 _a978-99901-06-72-5
040 _aJO-AjNU
_bara
_erda
_cJO-AjNU
041 _aara
050 1 4 _aHV6025 2008
100 3 _aتأليف احمد، هلالي عبداللاه ، م.مشارك: محمد شنه,
_eauthor
_953101
245 0 0 _aاصول علمي الاجرام والعقاب
250 _aط1
264 3 1 _aالبحرين: جامعة البحرين قسم القانون العام، 2008
300 _a605ص
_bيحتوي على ببلوغرافية من 553-605ص
336 _atext
_btxt
_2rdacontent
337 _aunmediated
_bn
_2rdamedia
338 _avolume
_bnc
_2rdacarrier
650 4 _aعلم الاجرام - قانون العقوبات
_953102
999 _aA23563
_c27131
_d27131